[Event "BL 0506 SV Wattenscheid - SK Zehlendorf"]
[Site "?"]
[Date "2006.03.12"]
[Round "13.5"]
[White "Heinig, Wolfram Dr"]
[Black "Handke, Florian"]
[Result "0-1"]
[WhiteElo "2338"]
[BlackElo "2460"]
[PlyCount "86"]
[EventDate "2006.??.??"]

1. Nf3 c5 2. c4 b6 3. d4 cxd4 4. Nxd4 Bb7 5. Nc3 Nf6 6. f3 d6 7. e4 e6 8. Be2
Be7 9. O-O O-O 10. Be3 a6 11. Qd2 Nbd7 12. Rfd1 Qc7 13. Rac1 Rac8 14. Bf1 Qb8
15. Qf2 Rfe8 16. a3 Bd8 17. g4 g6 18. g5 Nh5 19. b3 Nc5 20. b4 Nd7 21. Nb3 Ne5
22. Nd2 Rf8 23. Na4 f6 24. Nxb6 Bxb6 25. Bxb6 fxg5 26. Bd4 Nxf3+ 27. Nxf3 g4
28. Qh4 gxf3 29. Be3 Rce8 30. e5 d5 31. c5 Qxe5 32. Bd4 Qc7 33. c6 Bc8 34. Qf2
Qf4 35. a4 e5 36. Bc5 e4 37. b5 axb5 38. axb5 e3 39. Bxe3 Rxe3 40. b6 Qg4+ 41.
Kh1 Re2 42. Qg1 Rxh2+ 43. Qxh2 Ng3+ 0-1

[Event "BL 0506 SV Wattenscheid - SK Zehlendorf"]
[Site "?"]
[Date "2006.03.12"]
[Round "13.7"]
[White "Lieb, Harald"]
[Black "Straeter, Timo"]
[Result "0-1"]
[WhiteElo "2236"]
[BlackElo "2342"]
[PlyCount "80"]
[EventDate "2006.??.??"]

1. d4 Nf6 2. c4 e6 3. Nf3 d5 4. Nc3 Nbd7 5. g3 c6 6. Bg2 Be7 7. b3 O-O 8. O-O
b6 9. Nd2 Bb7 10. e4 Bb4 11. Bb2 c5 12. exd5 cxd4 13. Nce4 exd5 14. Nxf6+ Qxf6
15. cxd5 Nc5 16. Nf3 Bc3 17. Bxc3 dxc3 18. Qd4 Rac8 19. Qxf6 gxf6 20. Nd4 Rfd8
21. Nf5 Kf8 22. Ne3 b5 23. b4 Nd3 24. a3 c2 25. Rac1 Nxc1 26. Rxc1 Rc3 27. Be4
Rdc8 28. Bf5 Rd8 29. Be4 f5 30. Bxf5 Bxd5 31. Rxc2 Rxc2 32. Bxc2 Rc8 33. h4 Bf3
34. g4 h6 35. Kh2 Bxg4 36. Bd3 Bd7 37. Nd5 Rc1 38. Ne3 Rc3 39. Bf5 Rxe3 40.
Bxd7 Rxa3 0-1

[Event "BL 0506 Solinger SG - Leipzig Gohlis"]
[Site "?"]
[Date "2006.03.12"]
[Round "13.2"]
[White "Baramidze, David"]
[Black "Roos, Michael"]
[Result "1-0"]
[WhiteElo "2542"]
[BlackElo "2371"]
[PlyCount "57"]
[EventDate "2006.??.??"]

1. e4 c6 2. d4 d5 3. Nd2 dxe4 4. Nxe4 Bf5 5. Ng3 Bg6 6. h4 h6 7. Nf3 Nd7 8. h5
Bh7 9. Bd3 Bxd3 10. Qxd3 e6 11. Bf4 Qa5+ 12. Bd2 Bb4 13. c3 Be7 14. c4 Qc7 15.
O-O Ngf6 16. Rfe1 O-O 17. Nf5 exf5 18. Rxe7 Ne4 19. Nh4 Ndc5 20. Qxe4 Nxe4 21.
Rxc7 Nxd2 22. b3 b5 23. Rd1 Ne4 24. Nxf5 bxc4 25. bxc4 Rfb8 26. Ne7+ Kf8 27.
Nxc6 Rb2 28. d5 Re8 29. d6 1-0

[Event "BL 0506 Solinger SG - Leipzig Gohlis"]
[Site "?"]
[Date "2006.03.12"]
[Round "13.3"]
[White "Zesch, Ludwig"]
[Black "Stellwagen, Daniel"]
[Result "1/2-1/2"]
[WhiteElo "2292"]
[BlackElo "2561"]
[PlyCount "113"]
[EventDate "2006.??.??"]

1. e4 e6 2. d4 d5 3. Nd2 Nf6 4. e5 Nfd7 5. Bd3 c5 6. c3 Nc6 7. Ne2 cxd4 8. cxd4
f6 9. exf6 Nxf6 10. O-O Bd6 11. Nf3 Qc7 12. Bg5 O-O 13. Bh4 Nh5 14. Qc2 h6 15.
Bh7+ Kh8 16. Bg6 Rxf3 17. Bxh5 Rf8 18. Bg3 Bd7 19. Rac1 Rf6 20. Qb3 b6 21. Qe3
Raf8 22. Rc3 Qb8 23. Bg4 Ne7 24. Bxd6 Qxd6 25. Qe5 Qxe5 26. dxe5 Rg6 27. h3 Bb5
28. Re1 Nc6 29. f4 d4 30. Rf3 d3 31. Nc3 Nd4 32. Rf2 Ba6 33. Bh5 Rg3 34. Kh2
Nf5 35. Bg4 Re3 36. Rxe3 Nxe3 37. Bxe6 d2 38. Bb3 g5 39. f5 Rxf5 40. Rxf5 Nxf5
41. Ne4 Nd4 42. Nxd2 Nxb3 43. axb3 Bb7 44. Kg3 Kg7 45. Nf3 a6 46. Nd4 Kg6 47.
Kf2 h5 48. g3 h4 49. gxh4 gxh4 50. Ke3 Bg2 51. Ne2 Kf5 52. Nf4 Bc6 53. e6 Kf6
54. Kd3 Kf5 55. Ke3 Kf6 56. Kd4 Kf5 57. Ke3 1/2-1/2

[Event "BL 0506 Solinger SG - Leipzig Gohlis"]
[Site "?"]
[Date "2006.03.12"]
[Round "13.5"]
[White "Quast, Michael"]
[Black "Hoffmann, Michael"]
[Result "1/2-1/2"]
[WhiteElo "2281"]
[BlackElo "2443"]
[PlyCount "44"]
[EventDate "2006.??.??"]

1. e4 c5 2. Nf3 g6 3. Nc3 Bg7 4. g3 Nc6 5. Bg2 e5 6. d3 Nge7 7. Be3 d6 8. Qd2
Nd4 9. O-O O-O 10. Ne1 Be6 11. Nd1 b6 12. f4 exf4 13. Bxf4 d5 14. c3 Ndc6 15.
Nf2 Qd7 16. Rd1 Rad8 17. Bh6 f6 18. Bxg7 Kxg7 19. b3 dxe4 20. Nxe4 Bd5 21. Nc2
h6 22. Ne3 Be6 1/2-1/2

[Event "BL 0506 Solinger SG - Leipzig Gohlis"]
[Site "?"]
[Date "2006.03.12"]
[Round "13.6"]
[White "Ernst, Sipke"]
[Black "Fischer, Johannes"]
[Result "1-0"]
[WhiteElo "2473"]
[BlackElo "2285"]
[PlyCount "67"]
[EventDate "2006.??.??"]

1. d4 Nf6 2. Bg5 e6 3. e3 h6 4. Bh4 b6 5. Nf3 Bb7 6. Bd3 d6 7. O-O g5 8. Bg3
Ne4 9. Nfd2 Nxg3 10. fxg3 h5 11. Ne4 f5 12. Ned2 Bg7 13. c3 d5 14. c4 Nc6 15.
Nc3 dxc4 16. Bxc4 Nxd4 17. Rf2 h4 18. g4 h3 19. exd4 hxg2 20. d5 Qd6 21. Rxg2
O-O-O 22. Qe2 Rh3 23. Ba6 Bd4+ 24. Kh1 Bxc3 25. Bxb7+ Kxb7 26. bxc3 Qxd5 27. c4
Qc6 28. Rf1 f4 29. Nf3 Rdh8 30. Kg1 Qc5+ 31. Rgf2 Re8 32. Qe4+ Kb8 33. Kg2 Rh6
34. Ne5 1-0

[Event "BL 0506 Solinger SG - Leipzig Gohlis"]
[Site "?"]
[Date "2006.03.12"]
[Round "13.7"]
[White "Hoffmann, Hendrik"]
[Black "Zysk, Robert"]
[Result "1-0"]
[WhiteElo "2288"]
[BlackElo "2460"]
[PlyCount "189"]
[EventDate "2006.??.??"]

1. e4 g6 2. d4 Bg7 3. Nf3 d6 4. h3 a6 5. c4 c6 6. Nc3 b5 7. a4 b4 8. Ne2 a5 9.
g4 Nf6 10. Ng3 h5 11. g5 Nfd7 12. Be2 Qc7 13. Nh4 e5 14. d5 Nc5 15. Be3 Nba6
16. b3 Bd7 17. Kf1 O-O-O 18. Kg2 Rhg8 19. Rb1 Bh8 20. Rf1 Rde8 21. Bd3 f6 22.
Bc2 Kb8 23. Qd2 Ref8 24. Rbd1 cxd5 25. Qxd5 Rd8 26. Kh2 Bc6 27. Qd2 Ne6 28. f4
exf4 29. Bxf4 Nxf4 30. Qxf4 fxg5 31. Qxg5 Be5 32. Nf3 Bc3 33. Nd4 Nc5 34. Nxc6+
Qxc6 35. Rf7 Be5 36. Rd5 Rd7 37. Rxd7 Nxd7 38. Rxa5 Rf8 39. Kg2 Rf6 40. Qe3 Nc5
41. Rb5+ Kc7 42. Rxb4 Qe8 43. Rb5 Qf8 44. b4 Bf4 45. Qc3 Be5 46. Rxc5+ dxc5 47.
Qxe5+ Qd6 48. Qxc5+ Qxc5 49. bxc5 Kc6 50. e5 Re6 51. Ne4 Rxe5 52. a5 Kb7 53.
Kf3 g5 54. Nd6+ Kb8 55. a6 Rxc5 56. Nb5 g4+ 57. Kf4 Rxc4+ 58. Be4 Ra4 59. a7+
Rxa7 60. Nxa7 gxh3 61. Nb5 Kc8 62. Ke5 Kd7 63. Bd5 h2 64. Kf6 Ke8 65. Bc6+ Kf8
66. Nd6 h4 67. Nf7 h3 68. Nd6 Kg8 69. Bd5+ Kh7 70. Nf7 Kg8 71. Ng5+ Kh8 72.
Nxh3 Kh7 73. Nf4 Kh6 74. Be4 h1=Q 75. Bxh1 Kh7 76. Ng6 Kg8 77. Bd5+ Kh7 78. Bc4
Kh6 79. Bg8 Kh5 80. Ne5 Kh4 81. Kf5 Kg3 82. Ng4 Kf3 83. Bc4 Kg3 84. Be2 Kh4 85.
Kf4 Kh5 86. Bd3 Kh4 87. Bg6 Kh3 88. Ne3 Kh4 89. Ng2+ Kh3 90. Kf3 Kh2 91. Kf2
Kh3 92. Bf5+ Kh2 93. Bg4 Kh1 94. Ne3 Kh2 95. Nf1+ 1-0

[Event "BL 0506 Solinger SG - Leipzig Gohlis"]
[Site "?"]
[Date "2006.03.12"]
[Round "13.8"]
[White "Drabke, Lorenz Maximilian"]
[Black "Rausch, Stephan"]
[Result "1/2-1/2"]
[WhiteElo "2405"]
[BlackElo "2343"]
[PlyCount "65"]
[EventDate "2006.??.??"]

1. e4 e6 2. d3 d5 3. Nd2 Nf6 4. Ngf3 Nc6 5. c3 a5 6. Be2 e5 7. O-O Be7 8. b3
O-O 9. a3 Bg4 10. Qc2 Nh5 11. g3 Kh8 12. Re1 f5 13. exd5 Qxd5 14. Bb2 Bc5 15.
b4 axb4 16. axb4 Rxa1 17. Bxa1 Ba7 18. Qb3 Qxb3 19. Nxb3 e4 20. dxe4 Bxf2+ 21.
Kxf2 fxe4 22. Nbd2 Ne5 23. Nxe4 Bxf3 24. Nd2 Bxe2+ 25. Kxe2 Ng4 26. Kd3 Nxh2
27. Re7 Rc8 28. c4 Ng4 29. Ne4 Kg8 30. Ng5 Kf8 31. Rf7+ Kg8 32. Re7 Kf8 33.
Rf7+ 1/2-1/2

[Event "BL 0506 SF Katernberg - TV Tegernsee"]
[Site "?"]
[Date "2006.03.12"]
[Round "13.1"]
[White "Khenkin, Igor"]
[Black "Volokitin, Andrei"]
[Result "1/2-1/2"]
[WhiteElo "2603"]
[BlackElo "2666"]
[PlyCount "52"]
[EventDate "2006.??.??"]

1. d4 Nf6 2. c4 e6 3. Nc3 Bb4 4. Qc2 O-O 5. a3 Bxc3+ 6. Qxc3 b6 7. Bg5 Bb7 8.
e3 d6 9. Ne2 Nbd7 10. Qc2 c5 11. Rd1 Rc8 12. Nc3 cxd4 13. Rxd4 Rc5 14. Bh4 Qa8
15. f3 d5 16. Bd3 e5 17. Rxd5 Bxd5 18. cxd5 Nxd5 19. Bxh7+ Kh8 20. Be4 Qc8 21.
Bxd5 Rxd5 22. Be7 Re8 23. e4 Ra5 24. Bb4 Ra6 25. O-O Nc5 26. Rc1 Re6 1/2-1/2

[Event "BL 0506 SF Katernberg - TV Tegernsee"]
[Site "?"]
[Date "2006.03.12"]
[Round "13.2"]
[White "Chuchelov, Vladimir"]
[Black "Sokolov, Andrei"]
[Result "0-1"]
[WhiteElo "2534"]
[BlackElo "2623"]
[PlyCount "125"]
[EventDate "2006.??.??"]

1. Nf3 Nf6 2. c4 c5 3. Nc3 e6 4. g3 b6 5. Bg2 Bb7 6. O-O d6 7. Re1 Nbd7 8. b3
a6 9. Bb2 Be7 10. e3 Rb8 11. d4 b5 12. dxc5 dxc5 13. Qe2 bxc4 14. bxc4 O-O 15.
Rad1 Qc7 16. Ba1 Rfd8 17. e4 Ng4 18. Nd2 Nge5 19. Nb3 Bf8 20. h3 Nb6 21. Na5
Ba8 22. f4 Nc6 23. Nxc6 Qxc6 24. Rc1 Rd7 25. Red1 Rbd8 26. Rxd7 Qxd7 27. Rd1
Qc7 28. Rxd8 Qxd8 29. Nb1 Qd7 30. Qc2 Nc8 31. Nd2 Ne7 32. Nb3 Qa4 33. Qe2 Qb4
34. Kf2 Nc8 35. Qd3 Qa3 36. Qd2 Nd6 37. Qc2 Bxe4 38. Bxe4 Nxe4+ 39. Kf3 f5 40.
Be5 Qb4 41. Qe2 Qb7 42. Qd3 Ng5+ 43. Kf2 Nxh3+ 44. Ke1 Qh1+ 45. Qf1 Qe4+ 46.
Kd1 Ng5 47. Nd2 Qe3 48. Qg2 Ne4 49. Nxe4 fxe4 50. Qe2 Qf3 51. Kd2 g5 52. fxg5
Bg7 53. Bxg7 Kxg7 54. Qe3 Kg6 55. Qxc5 Qd3+ 56. Kc1 e3 57. Qc8 e2 58. Qxe6+
Kxg5 59. Qe7+ Kg4 60. Qh4+ Kf3 61. Qh1+ Ke3 62. Qh6+ Kd4 63. Qg7+ 0-1

[Event "BL 0506 SF Katernberg - TV Tegernsee"]
[Site "?"]
[Date "2006.03.12"]
[Round "13.4"]
[White "L'Ami, Erwin"]
[Black "Bischoff, Klaus"]
[Result "1/2-1/2"]
[WhiteElo "2541"]
[BlackElo "2555"]
[PlyCount "63"]
[EventDate "2006.??.??"]

1. d4 e6 2. c4 Bb4+ 3. Bd2 a5 4. Nf3 b6 5. g3 Bb7 6. Bg2 Nf6 7. O-O O-O 8. Bg5
Be7 9. Nc3 Ne4 10. Bxe7 Qxe7 11. Qc2 Nxc3 12. Qxc3 d6 13. d5 e5 14. Nh4 Bc8 15.
f4 exf4 16. Rxf4 Na6 17. Be4 Nc5 18. Bc2 Bd7 19. Nf3 Rae8 20. Rh4 f5 21. Nd4 g5
22. Rh5 Qg7 23. h4 gxh4 24. Rxh4 Ne4 25. Bxe4 Rxe4 26. Rxe4 fxe4 27. Rf1 Bh3
28. Rf2 Rf3 29. Rxf3 exf3 30. Kf2 fxe2 31. Kxe2 Qh6 32. Qe3 1/2-1/2

[Event "BL 0506 SF Katernberg - TV Tegernsee"]
[Site "?"]
[Date "2006.03.12"]
[Round "13.5"]
[White "Boensch, Uwe"]
[Black "Senff, Martin"]
[Result "1/2-1/2"]
[WhiteElo "2547"]
[BlackElo "2469"]
[PlyCount "59"]
[EventDate "2006.??.??"]

1. d4 d5 2. c4 e6 3. Nc3 Be7 4. Nf3 Nf6 5. Bg5 h6 6. Bh4 O-O 7. e3 Ne4 8. Bxe7
Qxe7 9. Rc1 c6 10. Bd3 Nxc3 11. Rxc3 dxc4 12. Bxc4 Nd7 13. O-O b6 14. Qe2 Bb7
15. Ba6 Bxa6 16. Qxa6 c5 17. Qa3 Rfd8 18. Rfc1 e5 19. dxc5 Nxc5 20. h3 a5 21.
b4 axb4 22. Qxb4 Qf6 23. Qc4 Ra4 24. Qe2 Rda8 25. R1c2 Qe6 26. Rc4 Ra3 27. Rd2
Na4 28. Rdc2 Nc5 29. Rd2 Na4 30. Rdc2 1/2-1/2

[Event "BL 0506 SF Katernberg - TV Tegernsee"]
[Site "?"]
[Date "2006.03.12"]
[Round "13.6"]
[White "Thesing, Matthias"]
[Black "Hertneck, Gerald"]
[Result "0-1"]
[WhiteElo "2413"]
[BlackElo "2539"]
[PlyCount "82"]
[EventDate "2006.??.??"]

1. e4 c5 2. Nc3 Nc6 3. Bb5 Nd4 4. Bc4 e6 5. Nf3 Ne7 6. Nxd4 cxd4 7. Ne2 Nc6 8.
d3 g6 9. O-O Bg7 10. a3 O-O 11. b4 a6 12. Bb3 d6 13. Qe1 Kh8 14. Bb2 e5 15. c3
Be6 16. Qd1 d5 17. cxd4 dxe4 18. dxe4 exd4 19. Nf4 Bxb3 20. Qxb3 Qd6 21. g3
Rae8 22. Rfe1 g5 23. Nd3 Qg6 24. Qd5 Re7 25. Qf5 g4 26. h3 gxh3 27. Kh2 Rfe8
28. Qxg6 hxg6 29. f3 f5 30. exf5 Ne5 31. Nxe5 Rxe5 32. Rxe5 Rxe5 33. Kxh3 Re2
34. Rb1 gxf5 35. Ba1 d3 36. Bxg7+ Kxg7 37. Rd1 d2 38. g4 Kf6 39. Kg3 Ke5 40.
f4+ Ke4 41. gxf5 Ke3 0-1

[Event "BL 0506 SF Katernberg - TV Tegernsee"]
[Site "?"]
[Date "2006.03.12"]
[Round "13.7"]
[White "Teske, Henrik"]
[Black "Scholz, Christian"]
[Result "1-0"]
[WhiteElo "2487"]
[BlackElo "2390"]
[PlyCount "69"]
[EventDate "2006.??.??"]

1. d4 d5 2. c4 dxc4 3. e4 Nf6 4. e5 Nd5 5. Bxc4 Nc6 6. Ne2 Nb6 7. Bd3 Be6 8.
Nbc3 Qd7 9. Be3 O-O-O 10. Be4 f5 11. exf6 exf6 12. O-O Nb4 13. Nf4 f5 14. Nxe6
Qxe6 15. Bf3 Qd7 16. Re1 Be7 17. d5 Rhe8 18. Bxb6 cxb6 19. a3 Na6 20. Qc2 Kb8
21. Re5 Rf8 22. Rd1 Bd6 23. Ree1 Nc7 24. Ne2 g5 25. g3 h5 26. Nd4 f4 27. Qg6
fxg3 28. hxg3 h4 29. Kg2 Bc5 30. d6 Bxd6 31. Qe4 Na6 32. Ne6 h3+ 33. Kh2 Nc5
34. Nxc5 bxc5 35. Rxd6 1-0

[Event "BL 0506 SF Katernberg - TV Tegernsee"]
[Site "?"]
[Date "2006.03.12"]
[Round "13.8"]
[White "Rosen, Bernd"]
[Black "Bromberger, Stefan"]
[Result "0-1"]
[WhiteElo "2310"]
[BlackElo "2478"]
[PlyCount "62"]
[EventDate "2006.??.??"]

1. c4 Nf6 2. Nc3 e6 3. Nf3 c5 4. g3 b6 5. Bg2 Bb7 6. O-O Be7 7. d4 cxd4 8. Qxd4
d6 9. Rd1 a6 10. b3 Nbd7 11. Bb2 Qc7 12. Rac1 O-O 13. Ng5 Bxg2 14. Kxg2 Rfd8
15. Nge4 Qb7 16. f3 Ne8 17. Rc2 b5 18. cxb5 axb5 19. Nf2 Ne5 20. Qe4 Nc6 21. a3
b4 22. axb4 d5 23. Qf4 d4 24. Na4 Nxb4 25. Rcd2 Nd5 26. Qxd4 Qxb3 27. Rd3 Qxa4
28. Qxa4 Rxa4 29. e4 Ra2 30. Bc1 Bc5 31. Rf1 Nf4+ 0-1

[Event "BL 0506 SV Mülheim Nord - SC Eppingen"]
[Site "?"]
[Date "2006.03.12"]
[Round "13.1"]
[White "Acs, Peter"]
[Black "Landa, Konstantin"]
[Result "1/2-1/2"]
[WhiteElo "2518"]
[BlackElo "2600"]
[PlyCount "43"]
[EventDate "2006.??.??"]

1. e4 e5 2. Nf3 Nf6 3. Nxe5 d6 4. Nf3 Nxe4 5. Nc3 Nxc3 6. dxc3 Be7 7. Bf4 Nc6
8. Qd2 Bg4 9. Be2 Qd7 10. O-O-O a6 11. h3 Be6 12. Rhe1 O-O-O 13. c4 Bf6 14. Bg5
Bxg5 15. Nxg5 Bf5 16. g4 Bg6 17. f4 f6 18. Nf3 Rhe8 19. Bd3 Rxe1 20. Rxe1 Re8
21. Bxg6 hxg6 22. Re3 1/2-1/2

[Event "BL 0506 SV Mülheim Nord - SC Eppingen"]
[Site "?"]
[Date "2006.03.12"]
[Round "13.2"]
[White "Fridman, Daniel"]
[Black "Braun, Arik"]
[Result "1/2-1/2"]
[WhiteElo "2564"]
[BlackElo "2465"]
[PlyCount "179"]
[EventDate "2006.??.??"]

1. c4 Nf6 2. Nf3 c6 3. d4 d5 4. e3 e6 5. Bd3 Nbd7 6. Nbd2 Be7 7. O-O O-O 8. Qe2
c5 9. b3 cxd4 10. exd4 b6 11. Bb2 Bb7 12. Rad1 Qc7 13. Rc1 Qf4 14. Ne5 Nxe5 15.
dxe5 Ne4 16. Nxe4 dxe4 17. Bc2 Rad8 18. Rcd1 Bc5 19. g3 Qf5 20. Bc3 a5 21. Rd2
Rxd2 22. Qxd2 Qh3 23. Re1 e3 24. fxe3 h5 25. Qf2 Rd8 26. Qf1 Qg4 27. Qf4 Qf3
28. Qxf3 Bxf3 29. Kf2 Bg4 30. Rh1 h4 31. gxh4 Bb4 32. Bd4 Bc5 33. Bc3 Bb4 34.
Bd4 Bc5 35. Rc1 Bh5 36. Be4 Kf8 37. Bc3 Be7 38. Bf3 Bxh4+ 39. Ke2 Bxf3+ 40.
Kxf3 Be7 41. Bd4 Rb8 42. Ke4 Ke8 43. Kd3 Kd7 44. Rg1 Bf8 45. Rf1 Ke8 46. Rf3
Ba3 47. Rh3 Ke7 48. Rh7 g6 49. Kc3 Bc5 50. Rh3 Rd8 51. Rh4 g5 52. Rh7 g4 53.
Kd3 Rg8 54. a3 Bxd4 55. Kxd4 g3 56. hxg3 Rg4+ 57. Kd3 Rxg3 58. Rh8 Kd7 59. Ra8
Kc6 60. Ra7 Rf3 61. b4 axb4 62. axb4 Rf1 63. b5+ Kc5 64. Rc7+ Kb4 65. Rb7 Kc5
66. Rc7+ Kb4 67. Rc6 Rd1+ 68. Ke2 Rc1 69. Rxb6 Rxc4 70. Rb7 Rc5 71. Rxf7 Kxb5
72. Kf3 Rxe5 73. Kf4 Rc5 74. Re7 Rc6 75. Ke5 Kc4 76. Rd7 Rc8 77. e4 Kc5 78. Rd6
Rh8 79. Rxe6 Rh5+ 80. Kf4 Rh4+ 81. Kf5 Rh5+ 82. Kg4 Rh1 83. Kg5 Kd4 84. Re8 Rc1
85. Kf4 Rf1+ 86. Kg3 Rc1 87. Kf3 Rf1+ 88. Kg4 Re1 89. Rd8+ Ke5 90. Re8+ 1/2-1/2

[Event "BL 0506 SV Mülheim Nord - SC Eppingen"]
[Site "?"]
[Date "2006.03.12"]
[Round "13.3"]
[White "Medvegy, Zoltan"]
[Black "Levin, Felix"]
[Result "1-0"]
[WhiteElo "2478"]
[BlackElo "2506"]
[PlyCount "79"]
[EventDate "2006.??.??"]

1. c4 e6 2. d4 Nf6 3. Nf3 d5 4. Nc3 dxc4 5. e3 a6 6. a4 b6 7. Bxc4 Bb7 8. O-O
Bb4 9. Qe2 O-O 10. Bd3 c5 11. dxc5 Bxc5 12. Rd1 Qc7 13. Bd2 Nc6 14. Rac1 Ne5
15. Nxe5 Qxe5 16. Kh1 Rfd8 17. f4 Qh5 18. Qxh5 Nxh5 19. Be4 Rab8 20. Bxb7 Rxb7
21. Be1 Rbb8 22. Rxd8+ Rxd8 23. Rd1 Rxd1 24. Nxd1 Nf6 25. g3 Ne4 26. Kg2 f5 27.
Kf3 Kf7 28. Nf2 Nxf2 29. Kxf2 e5 30. fxe5 g5 31. b4 Be7 32. b5 axb5 33. axb5
Ke6 34. Bc3 Kd5 35. Bd4 Bd8 36. Kf3 h5 37. h4 Kc4 38. Bxb6 Bxb6 39. e6 g4+ 40.
Kg2 1-0

[Event "BL 0506 SV Mülheim Nord - SC Eppingen"]
[Site "?"]
[Date "2006.03.12"]
[Round "13.4"]
[White "Schebler, Gerhard"]
[Black "Mann, Christian"]
[Result "1/2-1/2"]
[WhiteElo "2474"]
[BlackElo "2464"]
[PlyCount "67"]
[EventDate "2006.??.??"]

1. Nf3 Nf6 2. c4 g6 3. Nc3 Bg7 4. e4 c5 5. d4 cxd4 6. Nxd4 Nc6 7. Be3 O-O 8.
Be2 Nxd4 9. Bxd4 d6 10. O-O Bd7 11. Qd2 Bc6 12. Bd3 a5 13. Rae1 a4 14. Nd5 Bxd5
15. exd5 Ng4 16. Bxg7 Kxg7 17. Re2 f5 18. Rfe1 Rf7 19. h3 Ne5 20. f4 Nd7 21.
Kh2 Nf6 22. Re6 Kf8 23. Qc3 Qa5 24. Qd4 Qa7 25. Qc3 Qa5 26. Rxe7 Qxc3 27. Rxf7+
Kxf7 28. bxc3 Nd7 29. a3 Nc5 30. Bc2 h5 31. Kg3 Kf6 32. h4 Ra6 33. Rb1 Ke7 34.
Kf3 1/2-1/2

[Event "BL 0506 SV Mülheim Nord - SC Eppingen"]
[Site "?"]
[Date "2006.03.12"]
[Round "13.5"]
[White "Rau, Hannes"]
[Black "Saltaev, Mihail"]
[Result "0-1"]
[WhiteElo "2421"]
[BlackElo "2498"]
[PlyCount "120"]
[EventDate "2006.??.??"]

1. d4 d5 2. c4 c6 3. Nf3 Nf6 4. Nc3 a6 5. e3 b5 6. b3 Bf5 7. Bd3 e6 8. O-O Nbd7
9. Bxf5 exf5 10. cxd5 cxd5 11. Qd3 g6 12. Bb2 Bd6 13. a4 b4 14. Ne2 O-O 15.
Rac1 Qb6 16. Rc2 Rac8 17. Rfc1 Qb7 18. Ne5 Nb8 19. Nf4 Rfe8 20. h3 Kf8 21. g3
Rxc2 22. Qxc2 Ne4 23. Qd1 f6 24. Ned3 g5 25. Ne2 Qe7 26. Rc2 h5 27. Qc1 h4 28.
gxh4 Qh7 29. Rc8 Nd7 30. Rxe8+ Kxe8 31. f3 Qh5 32. fxe4 Qxe2 33. e5 Qxd3 34.
exd6 Kf7 35. hxg5 fxg5 36. Qf1 Qxe3+ 37. Kh2 f4 38. Bc1 Qg3+ 39. Kh1 Nf6 40.
Bd2 Qxb3 41. h4 Ne4 42. Be1 Qd1 43. d7 Ng3+ 44. Kg1 Nxf1 45. d8=Q Qxe1 46.
Qxd5+ Qe6 47. Qb7+ Kg6 48. Kxf1 Qh3+ 49. Ke2 Qe3+ 50. Kf1 Qd3+ 51. Kg2 Qe2+ 52.
Kg1 f3 53. h5+ Kxh5 54. Qh7+ Kg4 55. Qd7+ Kf4 56. Qd6+ Ke3 57. Qe6+ Kd2 58.
Qa2+ Kc3 59. Qa1+ Kb3 60. Qb1+ Kxa4 0-1

[Event "BL 0506 SV Mülheim Nord - SC Eppingen"]
[Site "?"]
[Date "2006.03.12"]
[Round "13.6"]
[White "Hausrath, Daniel"]
[Black "Miltner, Arndt"]
[Result "1/2-1/2"]
[WhiteElo "2463"]
[BlackElo "2400"]
[PlyCount "75"]
[EventDate "2006.??.??"]

1. Nf3 d6 2. d4 Nf6 3. c4 Nbd7 4. Nc3 e5 5. e4 Be7 6. Be2 O-O 7. O-O c6 8. Qc2
a6 9. Rd1 Qc7 10. Bg5 Re8 11. Rac1 b6 12. a3 Bb7 13. b4 Bf8 14. dxe5 dxe5 15.
c5 bxc5 16. Qb3 cxb4 17. axb4 h6 18. Bc4 Nb6 19. Bxf6 gxf6 20. Nh4 Nxc4 21.
Qxc4 Rad8 22. Nf5 Qb6 23. Re1 Bc8 24. Re3 Bxf5 25. exf5 Rd4 26. Qe2 Rxb4 27.
Ne4 Bg7 28. Qg4 Rb1 29. Ree1 Rxc1 30. Rxc1 c5 31. h3 Rc8 32. Rc3 Kh7 33. Rg3
Rg8 34. Kh2 c4 35. Rc3 Rc8 36. Rg3 Rg8 37. Rc3 Rc8 38. Rg3 1/2-1/2

[Event "BL 0506 SV Mülheim Nord - SC Eppingen"]
[Site "?"]
[Date "2006.03.12"]
[Round "13.7"]
[White "Schulze, Ulrich"]
[Black "Wegener, Olaf"]
[Result "1/2-1/2"]
[WhiteElo "2322"]
[BlackElo "2404"]
[PlyCount "64"]
[EventDate "2006.??.??"]

1. Nf3 Nf6 2. d4 e6 3. c4 b6 4. g3 Ba6 5. Qa4 Bb7 6. Bg2 c5 7. dxc5 Bxc5 8. O-O
O-O 9. Nc3 Be7 10. Rd1 Na6 11. Bf4 Qc8 12. Rac1 Nc5 13. Qc2 Nce4 14. Nd4 Nxc3
15. Qxc3 a6 16. Qd3 Bxg2 17. Kxg2 Qb7+ 18. Qf3 Ra7 19. Qxb7 Rxb7 20. f3 Rc8 21.
e4 Ne8 22. h4 f6 23. a4 Kf7 24. Be3 Bc5 25. Kf2 Ke7 26. Ke2 Nd6 27. b3 Nf7 28.
Nc2 Ne5 29. Bf4 Bd6 30. Nd4 Bc5 31. Nc2 Bd6 32. Nd4 Bc5 1/2-1/2

[Event "BL 0506 Hamburger SK - SG Köln Porz"]
[Site "?"]
[Date "2006.03.12"]
[Round "13.1"]
[White "Lutz, Christopher"]
[Black "Ftacnik, Lubomir"]
[Result "1/2-1/2"]
[WhiteElo "2609"]
[BlackElo "2612"]
[PlyCount "52"]
[EventDate "2006.??.??"]

1. e4 c5 2. Nf3 d6 3. d4 cxd4 4. Nxd4 Nf6 5. Nc3 a6 6. Be2 e6 7. a4 Nc6 8. Be3
Be7 9. O-O Bd7 10. f4 O-O 11. Nb3 b6 12. Bf3 Qc7 13. Qe2 Bc8 14. Qc4 Bb7 15. f5
exf5 16. Nd5 Qb8 17. exf5 Nxd5 18. Bxd5 Ne5 19. Qe4 Bxd5 20. Qxd5 Qc7 21. c3
Qc4 22. Rfd1 Qxd5 23. Rxd5 Nc4 24. Re1 Rfe8 25. Bc1 Bf6 26. Rdd1 Kf8 1/2-1/2

[Event "BL 0506 Hamburger SK - SG Köln Porz"]
[Site "?"]
[Date "2006.03.12"]
[Round "13.2"]
[White "Kempinski, Robert"]
[Black "Van Wely, Loek"]
[Result "1/2-1/2"]
[WhiteElo "2619"]
[BlackElo "2648"]
[PlyCount "58"]
[EventDate "2006.??.??"]

1. d4 Nf6 2. c4 e6 3. Nf3 d5 4. Nc3 dxc4 5. e4 Bb4 6. Bg5 b5 7. a4 c6 8. e5 h6
9. Bh4 g5 10. Nxg5 Qa5 11. Nxf7 Bxc3+ 12. bxc3 Qxc3+ 13. Ke2 Nd5 14. Nd6+ Kd7
15. Bg3 Qb2+ 16. Ke1 Qc3+ 17. Ke2 h5 18. h4 Qb2+ 19. Ke1 Qc3+ 20. Ke2 Rg8 21.
Qb1 Rxg3 22. Qh7+ Ne7 23. fxg3 Qxa1 24. Qxh5 Qb2+ 25. Kf3 Qc3+ 26. Ke4 Qb2 27.
Kf3 Qc3+ 28. Ke4 Qc2+ 29. Kf3 Qc3+ 1/2-1/2

[Event "BL 0506 Hamburger SK - SG Köln Porz"]
[Site "?"]
[Date "2006.03.12"]
[Round "13.4"]
[White "Wahls, Matthias"]
[Black "Graf, Alexander"]
[Result "1/2-1/2"]
[WhiteElo "2538"]
[BlackElo "2613"]
[PlyCount "153"]
[EventDate "2006.??.??"]

1. c4 e6 2. Nf3 d5 3. g3 dxc4 4. Qa4+ Qd7 5. Qxc4 c5 6. Bg2 Nc6 7. O-O Nh6 8.
e3 Rb8 9. d4 b5 10. Qe2 Be7 11. Rd1 Qc7 12. Nc3 b4 13. Ne4 Qb6 14. dxc5 Qa6 15.
Nd6+ Bxd6 16. Qxa6 Bxa6 17. Rxd6 Bb7 18. e4 Ng4 19. h3 Nf6 20. Bf4 Rc8 21. Nd2
Nd7 22. Rc1 Ke7 23. Bg5+ f6 24. Be3 Nde5 25. Nc4 Nxc4 26. Rxc4 Rhd8 27. Rxd8
Rxd8 28. Rc1 Nd4 29. Rc4 Nc6 30. Rc1 Nd4 31. Kf1 Bc6 32. Ke1 a5 33. f3 h6 34.
Kf2 f5 35. Rd1 e5 36. Bxd4 exd4 37. exf5 Rd5 38. Re1+ Kf7 39. Rc1 Rxf5 40. f4
Bxg2 41. Kxg2 d3 42. c6 d2 43. Rd1 Rc5 44. Rxd2 Rxc6 45. Kf3 Rc1 46. Ke4 Ke6
47. b3 Re1+ 48. Kf3 Rc1 49. Re2+ Kf6 50. Re5 Rc3+ 51. Re3 Rc2 52. Re2 Rc3+ 53.
Kg4 a4 54. bxa4 Ra3 55. Re4 Rxa4 56. a3 Rxa3 57. Rxb4 Rc3 58. Rb5 Ra3 59. h4
Rc3 60. Rf5+ Ke6 61. Re5+ Kf6 62. h5 Ra3 63. Rf5+ Ke6 64. Rb5 Kf7 65. Rb7+ Kf6
66. Rb6+ Kf7 67. Rg6 Rb3 68. Rc6 Ra3 69. Rg6 Rb3 70. f5 Rb4+ 71. Kh3 Rb5 72. g4
Rb3+ 73. Kg2 Rb2+ 74. Kf3 Rb3+ 75. Ke4 Rb4+ 76. Ke5 Rb5+ 77. Kf4 1/2-1/2

[Event "BL 0506 Hamburger SK - SG Köln Porz"]
[Site "?"]
[Date "2006.03.12"]
[Round "13.5"]
[White "Hansen, Curt"]
[Black "Mueller, Karsten Dr"]
[Result "1-0"]
[WhiteElo "2607"]
[BlackElo "2489"]
[PlyCount "85"]
[EventDate "2006.??.??"]

1. c4 Nf6 2. Nc3 c5 3. g3 d5 4. cxd5 Nxd5 5. Bg2 Nc7 6. Nf3 Nc6 7. O-O e5 8. a3
Be7 9. b4 O-O 10. b5 Nd4 11. Nxe5 Bf6 12. f4 Bxe5 13. fxe5 Bg4 14. a4 Nxe2+ 15.
Nxe2 Bxe2 16. Qxe2 Qd4+ 17. Qe3 Qxa1 18. Ba3 Qa2 19. Bxc5 Qxa4 20. Bxf8 Rxf8
21. b6 axb6 22. Qxb6 Ne6 23. Bd5 Qd7 24. Qxb7 Nc7 25. Bb3 Qd4+ 26. Rf2 Ne6 27.
Qd5 Qb6 28. Kg2 Rd8 29. Qf3 Ng5 30. Bxf7+ Kh8 31. Qb3 Qd4 32. Qe3 Nxf7 33. Qxd4
Rxd4 34. e6 Kg8 35. exf7+ Kf8 36. Kf3 Rd7 37. Ke4 Re7+ 38. Kd5 Rd7+ 39. Kc5
Rc7+ 40. Kd6 Rc2 41. Ke5 h5 42. Ke4 h4 43. gxh4 1-0